[Event "Mercredi 2026.02.18 ABCD"]
[Site "Montreal CAN"]
[Date "2026.03.17"]
[Round "2"]
[White "Poncsak, Juliette"]
[Black "Beaulieu, Pierre"]
[Result "1-0"]
[WhiteElo "1675"]
[BlackElo "1704"]
[WhiteFideId "-1"]
[BlackFideId "-1"]
[PlyCount "129"]
[GameId "2289508457093009"]
[EventDate "2026.02.18"]
[EventType "tourn"]
[EventRounds "5"]
[EventCountry "CAN"]

1. d4 Nf6 2. Bg5 e6 3. e4 h6 4. Bxf6 Qxf6 5. e5 Qf4 6. Ne2 Qe4 7. Nd2 Qc6 8. Rg1 d5 9. a3 Qb6 10. Nb3 Nd7 11. Qd2 c5 12. O-O-O cxd4 13. f4 a5 14. Nexd4 a4 15. Na1 Bc5 16. g4 Bxd4 17. Qxd4 Qxd4 18. Rxd4 Nc5 19. Rb4 Bd7 20. c3 g6 21. Kd2 h5 22. g5 h4 23. Nc2 O-O-O 24. Nd4 Kc7 25. Nf3 h3 26. Ke3 b6 27. Rg3 Bc8 28. Bxh3 Ne4 29. Rxe4 dxe4 30. Nd4 Bd7 31. Kxe4 Rh4 32. Ne2 Bc6+ 33. Ke3 Rdh8 34. Ng1 Bb5 35. Rf3 Rd8 36. Kf2 Rd2+ 37. Kg3 Rh8 38. Rf2 Rhd8 39. Nf3 Rxf2 40. Kxf2 Rd3 41. Bg2 Bc6 42. Ke2 Rd8 43. Ne1 Bb5+ 44. Ke3 Rd1 45. Nc2 Rd3+ 46. Ke4 Rd2 47. Nd4 Ba6 48. Bh3 Kd7 49. Bg4 Rxh2 50. Bd1 Rxb2 51. Bxa4+ Ke7 52. Nc6+ Kf8 53. Nb4 Be2 54. Bc2 Ke7 55. Kd4 Kd7 56. c4 Kc7 57. Kc3 Rxc2+ 58. Nxc2 Bf3 59. Kb4 Be4 60. Nd4 Bc6 61. Nxc6 Kxc6 62. a4 Kb7 63. Kb5 Kc7 64. c5 bxc5 65. Kxc5 1-0

[Event "Mercredi 2026.02.18 ABCD"]
[Site "Montreal CAN"]
[Date "2026.03.04"]
[Round "3"]
[White "Ramos, Heidi"]
[Black "Allaire, Denis"]
[Result "1-0"]
[WhiteElo "1708"]
[BlackElo "1720"]
[WhiteFideId "-1"]
[BlackFideId "-1"]
[PlyCount "119"]
[GameId "2289508457097106"]
[EventDate "2026.02.18"]
[EventType "tourn"]
[EventRounds "5"]
[EventCountry "CAN"]

1. d4 Nf6 2. c4 c5 3. d5 b5 4. cxb5 a6 5. bxa6 e6 6. Nc3 exd5 7. Nxd5 Nxa6 8. g3 Nxd5 9. Qxd5 Nc7 10. Qe5+ Ne6 11. Bg2 d6 12. Qd5 Ra7 13. e4 Nd4 14. Qc4 Be7 15. Nf3 Be6 16. Qd3 Nb3 17. Rb1 Rxa2 18. Qb5+ Qd7 19. Qxd7+ Kxd7 20. O-O Rb8 21. Be3 Bf6 22. Rfd1 Bxb2 23. Bf4 Rb6 24. Nd2 c4 25. Nxb3 cxb3 26. h3 Ba3 27. Bf1 Ke7 28. Kg2 Bc5 29. Rd2 Rba6 30. Bxa6 Rxa6 31. Kf3 Bb4 32. Rd3 h6 33. Bd2 Bc5 34. Rc3 Bd4 35. Rd3 Bf6 36. Bc3 Ra2 37. Bxf6+ gxf6 38. g4 Bc4 39. Rc3 Be2+ 40. Ke3 h5 41. gxh5 Bxh5 42. f4 Re2+ 43. Kd4 b2 44. Rb3 d5 45. Kxd5 Rd2+ 46. Kc4 Be2+ 47. Kc3 Rd3+ 48. Kxb2 Rd4 49. Re3 Rb4+ 50. Kc1 Rc4+ 51. Kd2 Bh5 52. Rb7+ Kf8 53. Rb5 Bg6 54. Kd3 Ra4 55. Rc5 Ke7 56. Rc4 Ra2 57. Kd4 Bh5 58. e5 Be2 59. Rc7+ Ke6 60. Rc6+ 1-0

[Event "Mercredi 2026.02.18 ABCD"]
[Site "Montreal CAN"]
[Date "2026.03.04"]
[Round "3"]
[White "Plante, Michel"]
[Black "Poncsak, Juliette"]
[Result "1-0"]
[WhiteElo "1800"]
[BlackElo "1675"]
[WhiteFideId "-1"]
[BlackFideId "-1"]
[PlyCount "87"]
[GameId "2289508457097107"]
[EventDate "2026.02.18"]
[EventType "tourn"]
[EventRounds "5"]
[EventCountry "CAN"]

1. d4 f5 2. Bf4 Nf6 3. e3 e6 4. Bd3 d5 5. Nf3 Be7 6. Nbd2 O-O 7. Qe2 c5 8. c3 Ne4 9. Ne5 Bd7 10. f3 g5 11. Bg3 Nf6 12. Bf2 Nh5 13. g4 Ng7 14. O-O-O Nc6 15. Nxd7 Qxd7 16. h4 cxd4 17. exd4 Rac8 18. Kb1 Qd8 19. Rdg1 Rf7 20. gxf5 exf5 21. hxg5 Bxg5 22. Bg3 Qe7 23. Qh2 h5 24. Re1 Qf6 25. f4 Bh6 26. Bh4 Qd6 27. Rhf1 Kh7 28. Nf3 Ne7 29. Ne5 Rff8 30. Rg1 Ng8 31. Qg3 Rc7 32. Rg2 Ne8 33. Qf3 Ng7 34. Reg1 a6 35. Rg6 Nf6 36. Bg5 Bxg5 37. fxg5 Nfe8 38. Rxd6 Nxd6 39. g6+ Kh8 40. Qxd5 Rf6 41. c4 Nge8 42. c5 Nc8 43. Qd8 Re6 44. Bxf5 1-0

[Event "Mercredi 2026.02.18 ABCD"]
[Site "Montreal CAN"]
[Date "2026.03.04"]
[Round "3"]
[White "Beaulieu, Pierre"]
[Black "Nardone, Raul"]
[Result "1-0"]
[WhiteElo "1704"]
[BlackElo "1655"]
[WhiteFideId "-1"]
[BlackFideId "-1"]
[PlyCount "67"]
[GameId "2289508457101204"]
[EventDate "2026.02.18"]
[EventType "tourn"]
[EventRounds "5"]
[EventCountry "CAN"]

1. b3 d5 2. Bb2 Nf6 3. e3 Bg4 4. Be2 Bxe2 5. Qxe2 c6 6. Nf3 Nbd7 7. O-O e6 8. Ne5 Nxe5 9. Bxe5 Bd6 10. f4 Qc7 11. d4 Bxe5 12. fxe5 Ne4 13. Nd2 Nxd2 14. Qxd2 O-O-O 15. c4 Rhf8 16. Qc2 f5 17. exf6 gxf6 18. Rac1 Kb8 19. Rf3 Qe7 20. Rcf1 f5 21. c5 Rg8 22. b4 Rg7 23. a4 Rdg8 24. R1f2 h5 25. b5 Ka8 26. Qe2 Rg4 27. a5 Qg7 28. a6 bxa6 29. h3 Rg5 30. bxc6 Qc7 31. Qxa6 Rb8 32. Ra2 Rg7 33. Rff2 Qg3 34. Qxa7+ 1-0

[Event "Mercredi 2026.02.18 ABCD"]
[Site "Montreal CAN"]
[Date "2026.03.11"]
[Round "4"]
[White "Allaire, Denis"]
[Black "Poncsak, Juliette"]
[Result "0-1"]
[WhiteElo "1720"]
[BlackElo "1675"]
[WhiteFideId "-1"]
[BlackFideId "-1"]
[PlyCount "66"]
[GameId "2289508457101205"]
[EventDate "2026.02.18"]
[EventType "tourn"]
[EventRounds "5"]
[EventCountry "CAN"]

1. g3 c5 2. Bg2 Nc6 3. e4 g6 4. Ne2 Bg7 5. O-O Nf6 6. c3 d5 7. exd5 Nxd5 8. Na3 Bg4 9. h3 Be6 10. Nc2 Qd7 11. Kh2 O-O-O 12. d4 h5 13. h4 Nf6 14. Nf4 Ng4+ 15. Kg1 Bc4 16. Re1 cxd4 17. Na3 Ba6 18. b4 dxc3 19. Qb3 Qd4 20. Be3 Qxb4 21. Qxf7 Nxe3 22. fxe3 Bf6 23. Qe6+ Kc7 24. Nc2 Qd6 25. Bxc6 bxc6 26. Qf7 Bc8 27. Qxg6 Rdg8 28. Rad1 Rxg6 29. Rxd6 Rxg3+ 30. Kh2 Bxh4 31. Rg6 Rg4 32. Rg1 Bf6 33. Rg3 Bf5 0-1

[Event "Mercredi 2026.02.18 ABCD"]
[Site "Montreal CAN"]
[Date "2026.03.17"]
[Round "4"]
[White "Nardone, Raul"]
[Black "Plante, Michel"]
[Result "0-1"]
[WhiteElo "1655"]
[BlackElo "1800"]
[WhiteFideId "-1"]
[BlackFideId "-1"]
[PlyCount "50"]
[GameId "2289508457105302"]
[EventDate "2026.02.18"]
[EventType "tourn"]
[EventRounds "5"]
[EventCountry "CAN"]

1. e4 d6 2. d4 Nf6 3. Nc3 e5 4. Nf3 Nbd7 5. Bc4 Be7 6. O-O O-O 7. h3 c6 8. dxe5 dxe5 9. Qe2 b5 10. Bd3 Qc7 11. Bg5 Nc5 12. a3 a5 13. Qe3 Nxd3 14. cxd3 Ba6 15. Rac1 b4 16. axb4 axb4 17. Nd5 Nxd5 18. exd5 f6 19. Bh4 c5 20. Nd2 Rfd8 21. Nc4 Rxd5 22. Bg3 Rad8 23. Rfd1 Rd4 24. b3 Bxc4 25. bxc4 Qd6 0-1

[Event "Mercredi 2026.02.18 ABCD"]
[Site "Montreal CAN"]
[Date "2026.03.18"]
[Round "5"]
[White "Poncsak, Juliette"]
[Black "Nardone, Raul"]
[Result "1-0"]
[WhiteElo "1675"]
[BlackElo "1655"]
[WhiteFideId "-1"]
[BlackFideId "-1"]
[PlyCount "131"]
[GameId "2289508457105303"]
[EventDate "2026.02.18"]
[EventType "tourn"]
[EventRounds "5"]
[EventCountry "CAN"]

1. Nc3 c5 2. f4 Nc6 3. Nf3 g6 4. e4 Bg7 5. Ne2 d5 6. Ng3 dxe4 7. Nxe4 Qd5 8. d3 Bg4 9. c4 Qe6 10. Nfg5 Qxe4+ 11. dxe4 Bxd1 12. Kxd1 Rd8+ 13. Ke1 Nd4 14. Kf2 Nc2 15. Rb1 h6 16. Nf3 Nf6 17. e5 Ne4+ 18. Ke2 O-O 19. Be3 Rd7 20. Ne1 Nxe3 21. Kxe3 f5 22. Nd3 b6 23. Be2 Rd4 24. Rbc1 Rfd8 25. Rhd1 a5 26. g4 e6 27. Rg1 Kh7 28. gxf5 exf5 29. h4 Re8 30. Rg2 Re6 31. Rcg1 Nd6 32. b3 Ne4 33. Bh5 g5 34. hxg5 hxg5 35. Bf7 Rh6 36. Nf2 Nxf2 37. fxg5 Rh3+ 38. Kxf2 Rf4+ 39. Ke1 Bxe5 40. Re2 Re4 41. Rxe4 fxe4 42. Rg2 Bd4 43. Bd5 e3 44. Ke2 Kg7 45. Be4 Rh1 46. Kf3 Rf1+ 47. Kg3 Be5+ 48. Kh3 Rf4 49. Bd3 Bd4 50. g6 Bc3 51. Re2 Bd2 52. Kg3 Rd4 53. Bc2 a4 54. Kf3 axb3 55. axb3 Rd7 56. Rh2 Kg8 57. Ke2 Rd4 58. Rh6 Rg4 59. g7 Rxg7 60. Rxb6 Rg2+ 61. Kd3 Bc1 62. Re6 Rd2+ 63. Kc3 Rd4 64. Re5 Rh4 65. Rxc5 Bd2+ 66. Kd3 1-0

[Event "Mercredi 2026.02.18 ABCD"]
[Site "Montreal CAN"]
[Date "2026.03.18"]
[Round "5"]
[White "Beaulieu, Pierre"]
[Black "Allaire, Denis"]
[Result "1-0"]
[WhiteElo "1704"]
[BlackElo "1720"]
[WhiteFideId "-1"]
[BlackFideId "-1"]
[PlyCount "61"]
[GameId "2289508457109400"]
[EventDate "2026.02.18"]
[EventType "tourn"]
[EventRounds "5"]
[EventCountry "CAN"]

1. Nf3 Nf6 2. b3 c5 3. Bb2 d5 4. e3 a6 5. Be2 Nc6 6. O-O Qc7 7. c4 dxc4 8. bxc4 Bf5 9. Nh4 Bg6 10. f4 e6 11. f5 Bd6 12. h3 Ne4 13. Rf3 exf5 14. Nc3 Bh2+ 15. Kf1 Ng3+ 16. Rxg3 Bxg3 17. Nd5 Qd6 18. Bxg7 O-O-O 19. Bxh8 Bxh4 20. Bc3 Qh2 21. Bf3 Ne5 22. Bxe5 Qxe5 23. Rb1 f4 24. Rb6 fxe3 25. dxe3 Be4 26. Bxe4 Qxe4 27. Qg4+ Qxg4 28. hxg4 Rg8 29. Rh6 Rxg4 30. Rxh7 Rxc4 31. Rh8+ 1-0

[Event "Mercredi 2026.02.18 ABCD"]
[Site "Montreal CAN"]
[Date "2026.03.18"]
[Round "5"]
[White "Plante, Michel"]
[Black "Ramos, Heidi"]
[Result "1-0"]
[WhiteElo "1800"]
[BlackElo "1708"]
[WhiteFideId "-1"]
[BlackFideId "-1"]
[PlyCount "59"]
[GameId "2289508457109401"]
[EventDate "2026.02.18"]
[EventType "tourn"]
[EventRounds "5"]
[EventCountry "CAN"]

1. d4 Nf6 2. Nf3 e6 3. e3 d5 4. Bd3 c5 5. b3 Nc6 6. Bb2 cxd4 7. exd4 Bd6 8. O-O O-O 9. Nbd2 Re8 10. a3 Rb8 11. Qe2 a6 12. c4 b6 13. Ne5 Bxe5 14. dxe5 Nd7 15. cxd5 exd5 16. f4 Nc5 17. Rac1 Qh4 18. Bb1 a5 19. Qe3 f6 20. Qf3 Rd8 21. exf6 gxf6 22. b4 axb4 23. axb4 Nxb4 24. Qc3 Nc6 25. Rf3 Kf7 26. f5 h5 27. Rh3 Qg4 28. Qxf6+ Ke8 29. Qxc6+ Bd7 30. Re1+ 1-0

[Event "Montcalm 4 2025-26"]
[Site "Quebec CAN"]
[Date "2026.01.08"]
[Round "1"]
[White "Audouze, Oscar"]
[Black "Chabot, Sebastien"]
[Result "1-0"]
[WhiteElo "1781"]
[BlackElo "1245"]
[WhiteFideId "-1"]
[BlackFideId "-1"]
[PlyCount "39"]
[GameId "2264901532975681"]
[EventDate "2026.01.08"]
[EventType "swiss"]
[EventRounds "5"]
[EventCountry "CAN"]

1. d4 d5 2. c4 Nf6 3. cxd5 Nxd5 4. Nf3 e6 5. e4 Bb4+ 6. Bd2 Bxd2+ 7. Qxd2 Nf6 8. Nc3 Nc6 9. Bd3 Nxd4 10. Nxd4 Qxd4 11. Bb5+ Qd7 12. Bxd7+ Bxd7 13. e5 Ng4 14. Qg5 h5 15. h3 Nh6 16. O-O-O Nf5 17. g4 hxg4 18. hxg4 Rxh1 19. Rxh1 Ne7 20. Rh8+ 1-0

[Event "Montcalm 4 2025-26"]
[Site "Quebec CAN"]
[Date "2026.01.08"]
[Round "1"]
[White "Auger, Bertrand"]
[Black "Lapierre, Gaetan"]
[Result "1/2-1/2"]
[WhiteElo "1877"]
[BlackElo "1637"]
[WhiteFideId "-1"]
[BlackFideId "-1"]
[PlyCount "94"]
[GameId "2264901532975673"]
[EventDate "2026.01.08"]
[EventType "swiss"]
[EventRounds "5"]
[EventCountry "CAN"]

1. Nf3 d5 2. g3 Bf5 3. Bg2 c6 4. O-O Qc8 5. Re1 Bh3 6. Bh1 h6 7. d3 e6 8. Nbd2 Nf6 9. e4 dxe4 10. dxe4 Be7 11. e5 Ng4 12. Ne4 O-O 13. Qe2 Nd7 14. Nd6 Qc7 15. Nc4 b5 16. Nd6 Ngxe5 17. Nxe5 Bxd6 18. Nxc6 a6 19. Bd2 Nf6 20. Ba5 Qd7 21. Ne5 Qa7 22. Nc6 Qd7 23. Rad1 Nd5 24. Ne5 Bxe5 25. Qxe5 f6 26. Qh5 Bf5 27. Rd2 Rac8 28. Qd1 Bg6 29. Qe2 Bf7 30. Red1 Rc6 31. Rd4 Rfc8 32. R1d2 Rc4 33. Qd1 Qc6 34. Rxc4 Qxc4 35. b3 Qc5 36. b4 Qc4 37. Bg2 Qxa2 38. Bf1 Qa3 39. Rd4 Qb2 40. c4 bxc4 41. Bxc4 Ra8 42. Bxd5 exd5 43. h4 Qa2 44. Qc1 Qe2 45. Qe3 Qxe3 46. fxe3 Rc8 47. Kf2 Rc4 1/2-1/2

[Event "Montcalm 4 2025-26"]
[Site "Quebec CAN"]
[Date "2026.01.08"]
[Round "1"]
[White "Barrera, Eduardo"]
[Black "Lamini, Cedric"]
[Result "1-0"]
[WhiteElo "1897"]
[BlackElo "1673"]
[WhiteFideId "-1"]
[BlackFideId "-1"]
[PlyCount "69"]
[GameId "2264901532975671"]
[EventDate "2026.01.08"]
[EventType "swiss"]
[EventRounds "5"]
[EventCountry "CAN"]

1. e4 c6 2. d4 d5 3. e5 c5 4. c3 Nc6 5. Be2 Bf5 6. Nf3 Qb6 7. dxc5 Qxc5 8. Be3 Qa5 9. b4 Qd8 10. O-O e6 11. b5 Na5 12. Qa4 b6 13. c4 Nxc4 14. Bxc4 dxc4 15. Qxc4 Rc8 16. Qa4 Rc7 17. Nd4 Ne7 18. Nd2 Bd3 19. Rfc1 Qc8 20. Qa3 Bf5 21. Rxc7 Qxc7 22. Rc1 Qd7 23. Qa6 f6 24. Nc4 Kf7 25. Nd6+ Kg6 26. Nc6 Nd5 27. Nxf5 Kxf5 28. Bd4 fxe5 29. Nxe5 Qe7 30. Qa4 Qh4 31. g4+ Kf4 32. Ng6+ hxg6 33. Bf6+ Nb4 34. Rc4+ Kf3 35. Qd1# 1-0

[Event "Montcalm 4 2025-26"]
[Site "Quebec CAN"]
[Date "2026.01.08"]
[Round "1"]
[White "Bell, Robert"]
[Black "Bluteau, Yvon"]
[Result "0-1"]
[WhiteElo "1281"]
[BlackElo "1786"]
[WhiteFideId "-1"]
[BlackFideId "-1"]
[PlyCount "26"]
[GameId "2264901532975680"]
[EventDate "2026.01.08"]
[EventType "swiss"]
[EventRounds "5"]
[EventCountry "CAN"]

1. e4 d5 2. exd5 Nf6 3. c4 e6 4. dxe6 Bxe6 5. Nf3 Nc6 6. d4 Bb4+ 7. Nc3 Ne4 8. Qb3 Nxd4 9. Nxd4 Qxd4 10. Qxb4 Qxf2+ 11. Kd1 O-O-O+ 12. Nd5 Bg4+ 13. Be2 Qxe2# 0-1

[Event "Montcalm 4 2025-26"]
[Site "Quebec CAN"]
[Date "2026.01.08"]
[Round "1"]
[White "Bergeron, Normand"]
[Black "Bourassa, Samuel"]
[Result "0-1"]
[WhiteElo "1689"]
[BlackElo "2036"]
[WhiteFideId "-1"]
[BlackFideId "-1"]
[PlyCount "60"]
[GameId "2264901532975670"]
[EventDate "2026.01.08"]
[EventType "swiss"]
[EventRounds "5"]
[EventCountry "CAN"]

1. e4 c5 2. Nf3 d6 3. c3 Nf6 4. d4 Nxe4 5. Qa4+ Bd7 6. Bb5 a6 7. Bxd7+ Qxd7 8. Qc2 Nf6 9. O-O cxd4 10. cxd4 g6 11. Nc3 Bg7 12. d5 O-O 13. Bg5 a5 14. Qd2 Na6 15. Qf4 b5 16. h3 b4 17. Ne4 Nxd5 18. Qh4 f5 19. Ng3 e6 20. Bh6 Rfe8 21. Bxg7 Qxg7 22. Ng5 h6 23. Nf3 Rac8 24. Rac1 Rxc1 25. Rxc1 Nc5 26. Ne2 Qxb2 27. Qxh6 Qg7 28. Qg5 Ne4 29. Qh4 g5 30. Qh5 Ndf6 0-1

[Event "Montcalm 4 2025-26"]
[Site "Quebec CAN"]
[Date "2026.01.08"]
[Round "1"]
[White "Berube, Antoine"]
[Black "Bergeron, Nicolas"]
[Result "1-0"]
[WhiteElo "2232"]
[BlackElo "1729"]
[WhiteFideId "-1"]
[BlackFideId "-1"]
[PlyCount "35"]
[GameId "2264901532975669"]
[EventDate "2026.01.08"]
[EventType "swiss"]
[EventRounds "5"]
[EventCountry "CAN"]

1. d4 Nf6 2. c4 g6 3. f3 d5 4. cxd5 Nxd5 5. e4 Nb6 6. Nc3 Bg7 7. Be3 e5 8. d5 O-O 9. Qd2 c6 10. h4 cxd5 11. exd5 h5 12. O-O-O a5 13. g4 hxg4 14. h5 f5 15. hxg6 f4 16. Qh2 Rf6 17. Qh7+ Kf8 18. Bc5+ 1-0

[Event "Montcalm 4 2025-26"]
[Site "Quebec CAN"]
[Date "2026.01.08"]
[Round "1"]
[White "Dumont, Eric"]
[Black "Drolet, Stephane"]
[Result "0-1"]
[WhiteElo "1655"]
[BlackElo "1893"]
[WhiteFideId "-1"]
[BlackFideId "-1"]
[PlyCount "74"]
[GameId "2264901532975672"]
[EventDate "2026.01.08"]
[EventType "swiss"]
[EventRounds "5"]
[EventCountry "CAN"]

1. d4 Nf6 2. Bf4 b6 3. e3 Bb7 4. h3 g6 5. Nf3 Bg7 6. Be2 d6 7. c4 Nbd7 8. O-O O-O 9. Nc3 Re8 10. Qb3 e5 11. dxe5 dxe5 12. Bh2 Ne4 13. Nxe4 Bxe4 14. Rad1 Qe7 15. Rd2 Nc5 16. Qd1 a5 17. b3 Bc6 18. Ne1 Ne4 19. Rd3 Nd6 20. Nc2 Nf5 21. Bg4 Nh4 22. Ne1 f5 23. Be2 g5 24. f3 Ng6 25. Nc2 e4 26. Rd5 Rad8 27. Rxd8 Rxd8 28. Qe1 Ba8 29. f4 c5 30. fxg5 Rf8 31. h4 Ne5 32. Qg3 Bc6 33. h5 Qe6 34. Rf4 Rd8 35. Qh3 Rd2 36. Rxf5 Bd7 37. Bxe5 Qxf5 0-1

[Event "Montcalm 4 2025-26"]
[Site "Quebec CAN"]
[Date "2026.01.08"]
[Round "1"]
[White "Fecteau, Martin"]
[Black "Fleury, Dominic"]
[Result "1-0"]
[WhiteElo "1797"]
[BlackElo "1327"]
[WhiteFideId "-1"]
[BlackFideId "-1"]
[PlyCount "77"]
[GameId "2264901532975679"]
[EventDate "2026.01.08"]
[EventType "swiss"]
[EventRounds "5"]
[EventCountry "CAN"]

1. d4 d5 2. Nf3 Nf6 3. g3 e6 4. Bg2 c5 5. O-O Nc6 6. c3 b6 7. Nbd2 Be7 8. b3 O-O 9. Bb2 Ba6 10. Re1 Qc7 11. Rc1 Rad8 12. Qc2 Rfe8 13. dxc5 bxc5 14. e4 dxe4 15. Nxe4 Nxe4 16. Qxe4 Rd6 17. c4 Red8 18. Qg4 Bf8 19. Bf6 R8d7 20. Ne5 Nxe5 21. Bxe5 Qd8 22. Bxd6 Bxd6 23. Bc6 Rc7 24. Qf3 Qe7 25. Be4 Bc8 26. Qd3 f5 27. Bxf5 g6 28. Be4 Be5 29. Qc2 Bd4 30. Re2 e5 31. Kg2 Qf6 32. Rf1 Kg7 33. Qd3 Rf7 34. f4 Qe6 35. f5 gxf5 36. Bd5 e4 37. Qd2 Qe5 38. Qg5+ Kf8 39. Qd8+ 1-0

[Event "Montcalm 4 2025-26"]
[Site "Quebec CAN"]
[Date "2026.01.08"]
[Round "1"]
[White "Gaulin, Gaetan"]
[Black "Cantin, Guillaume"]
[Result "1/2-1/2"]
[WhiteElo "1874"]
[BlackElo "1635"]
[WhiteFideId "-1"]
[BlackFideId "-1"]
[PlyCount "51"]
[GameId "2264901532975675"]
[EventDate "2026.01.08"]
[EventType "swiss"]
[EventRounds "5"]
[EventCountry "CAN"]

1. Nf3 d5 2. g3 Nf6 3. Bg2 g6 4. O-O Bg7 5. c4 c6 6. d4 O-O 7. Nc3 Bf5 8. cxd5 cxd5 9. Bf4 Nc6 10. Rc1 Rc8 11. Ne5 Ne4 12. Nxe4 dxe4 13. Nxc6 bxc6 14. Be3 e5 15. dxe5 Qxd1 16. Rfxd1 Bxe5 17. Bd4 Bxd4 18. Rxd4 Rfd8 19. Rdd1 c5 20. Kf1 Rxd1+ 21. Rxd1 c4 22. g4 Bxg4 23. Bxe4 Be6 24. Rc1 Rb8 25. Rb1 Rc8 26. Rc1 1/2-1/2

[Event "Montcalm 4 2025-26"]
[Site "Quebec CAN"]
[Date "2026.01.08"]
[Round "1"]
[White "Michaud, Jacques"]
[Black "Glode, Martin"]
[Result "0-1"]
[WhiteElo "1425"]
[BlackElo "1814"]
[WhiteFideId "-1"]
[BlackFideId "-1"]
[PlyCount "52"]
[GameId "2264901532975678"]
[EventDate "2026.01.08"]
[EventType "swiss"]
[EventRounds "5"]
[EventCountry "CAN"]

1. d4 d5 2. Bg5 c6 3. Nf3 Qb6 4. Qc1 Bf5 5. e3 Nd7 6. Nh4 Be6 7. Nf3 h6 8. Bf4 Bf5 9. a4 a5 10. Ra3 e5 11. Rb3 Bb4+ 12. c3 exf4 13. cxb4 axb4 14. Nc3 Ngf6 15. exf4 O-O 16. Be2 Rfe8 17. O-O Qa5 18. Ne5 bxc3 19. Rxb7 Nxe5 20. fxe5 Ne4 21. bxc3 Qxc3 22. Qf4 Be6 23. Rc1 Qd2 24. Qxd2 Nxd2 25. Rxc6 Rxa4 26. Bb5 Ra1+ 0-1

[Event "Montcalm 4 2025-26"]
[Site "Quebec CAN"]
[Date "2026.01.08"]
[Round "1"]
[White "Miskic, Zdenko"]
[Black "Mercure, Gilbert"]
[Result "0-1"]
[WhiteElo "1453"]
[BlackElo "1844"]
[WhiteFideId "-1"]
[BlackFideId "-1"]
[PlyCount "22"]
[GameId "2264901532975676"]
[EventDate "2026.01.08"]
[EventType "swiss"]
[EventRounds "5"]
[EventCountry "CAN"]

1. e4 d5 2. exd5 Nf6 3. d4 Bg4 4. Nf3 Qxd5 5. Be2 Nc6 6. Be3 e6 7. O-O Qh5 8. c3 Bd6 9. g3 e5 10. dxe5 Nxe5 11. Nxe5 Bxe2 0-1

[Event "Montcalm 4 2025-26"]
[Site "Quebec CAN"]
[Date "2026.01.08"]
[Round "1"]
[White "Pepin, Pierre-Luc"]
[Black "Lescarbeau, Martin"]
[Result "0-1"]
[WhiteElo "1129"]
[BlackElo "1734"]
[WhiteFideId "-1"]
[BlackFideId "-1"]
[PlyCount "29"]
[GameId "2264901532975682"]
[EventDate "2026.01.08"]
[EventType "swiss"]
[EventRounds "5"]
[EventCountry "CAN"]

1. e4 c6 2. g3 d5 3. exd5 cxd5 4. Bg2 Nf6 5. d4 Nc6 6. c3 Bf5 7. Nd2 e6 8. Ngf3 Bd3 9. Nb3 Bc4 10. Bd2 Ne4 11. Be3 Bd6 12. Nc1 O-O 13. Ne2 f5 14. Qc2 Rc8 15. O-O-O 0-1

[Event "Montcalm 4 2025-26"]
[Site "Quebec CAN"]
[Date "2026.01.08"]
[Round "1"]
[White "Perreault, Jacquelin"]
[Black "Rainfray, Arnaud"]
[Result "0-1"]
[WhiteElo "1733"]
[BlackElo "2330"]
[WhiteFideId "-1"]
[BlackFideId "-1"]
[PlyCount "42"]
[GameId "2264901532852788"]
[EventDate "2026.01.08"]
[EventType "swiss"]
[EventRounds "5"]
[EventCountry "CAN"]

1. e4 c5 2. Nf3 Nc6 3. d4 cxd4 4. Nxd4 Nf6 5. Nc3 e5 6. Ndb5 d6 7. Bg5 a6 8. Na3 b5 9. Nd5 Be7 10. Nxe7 Nxe7 11. Bd3 d5 12. Bxf6 gxf6 13. c3 f5 14. exd5 Nxd5 15. O-O Nf4 16. Qf3 Ra7 17. Rad1 Qf6 18. Rfe1 Re7 19. Qa8 O-O 20. Qf3 Bb7 21. Qg3+ Kh8 0-1

[Event "Montcalm 4 2025-26"]
[Site "Quebec CAN"]
[Date "2026.01.08"]
[Round "1"]
[White "Sauve, Richard"]
[Black "Boissinot, Claude"]
[Result "1-0"]
[WhiteElo "1822"]
[BlackElo "1426"]
[WhiteFideId "-1"]
[BlackFideId "-1"]
[PlyCount "69"]
[GameId "2264901532975677"]
[EventDate "2026.01.08"]
[EventType "swiss"]
[EventRounds "5"]
[EventCountry "CAN"]

1. d4 Nf6 2. c4 e6 3. Nf3 Be7 4. Nc3 d5 5. Bf4 a6 6. e3 Nc6 7. Be2 O-O 8. O-O b6 9. cxd5 exd5 10. Rc1 Bb7 11. Qc2 h6 12. Rfd1 Rc8 13. Ne5 Na7 14. a3 b5 15. b4 c6 16. Qf5 Bd6 17. h4 Bxe5 18. dxe5 Qd7 19. Qd3 Ne8 20. Ne4 f5 21. Nc5 Qe7 22. h5 Rd8 23. Bg3 Bc8 24. Qd4 f4 25. exf4 Nc7 26. f5 Rde8 27. Bh4 Qxe5 28. Qxe5 Rxe5 29. Bf3 Rexf5 30. Re1 Ne8 31. Re7 R5f7 32. Rce1 Nc7 33. Bg3 Rxe7 34. Rxe7 Ne6 35. Nxe6 1-0

[Event "Montcalm 4 2025-26"]
[Site "Quebec CAN"]
[Date "2026.01.08"]
[Round "1"]
[White "Voisin, Antoine"]
[Black "Duguay-Piron, Simon"]
[Result "0-1"]
[WhiteElo "1636"]
[BlackElo "1876"]
[WhiteFideId "-1"]
[BlackFideId "-1"]
[PlyCount "114"]
[GameId "2264901532975674"]
[EventDate "2026.01.08"]
[EventType "swiss"]
[EventRounds "5"]
[EventCountry "CAN"]

1. e4 c5 2. a3 Nc6 3. b4 d5 4. b5 Nd4 5. c3 Ne6 6. exd5 Qxd5 7. Qf3 Qd6 8. Nh3 Nf6 9. Bc4 g6 10. O-O Bg7 11. d3 O-O 12. Ng5 Nxg5 13. Bxg5 Bf5 14. Re1 Rfe8 15. Ra2 h6 16. Bf4 e5 17. Bg3 Re7 18. h3 Rae8 19. Rae2 Nh5 20. Bh2 Nf4 21. Re3 Bf6 22. g4 Bd7 23. Nd2 g5 24. Ne4 Qb6 25. a4 Kg7 26. Nxf6 Qxf6 27. Bxf4 gxf4 28. R3e2 Qh4 29. d4 cxd4 30. cxd4 exd4 31. Qxf4 Qf6 32. Qxf6+ Kxf6 33. Rxe7 Rxe7 34. Rxe7 Kxe7 35. Kg2 f6 36. Kf3 Kd6 37. Ke4 Kc5 38. Bb3 Kb4 39. Bc2 Kc3 40. Bb1 Be6 41. f4 Bg8 42. f5 Bc4 43. h4 d3 44. Bxd3 Bxd3+ 45. Kd5 Bc4+ 46. Kd6 Be2 47. Ke6 Bxg4 48. Kxf6 h5 49. Ke5 Be2 50. f6 Bc4 51. Kf5 Kb4 52. Kg5 Bf7 53. Kh6 Kxa4 54. Kg7 Be8 55. f7 Bxf7 56. Kxf7 Kxb5 57. Kg6 a5 0-1

[Event "Montcalm 4 2025-26"]
[Site "Quebec CAN"]
[Date "2026.01.15"]
[Round "2"]
[White "Rainfray, Arnaud"]
[Black "Sauve, Richard"]
[Result "1-0"]
[WhiteElo "2330"]
[BlackElo "1822"]
[WhiteFideId "-1"]
[BlackFideId "-1"]
[PlyCount "51"]
[GameId "2267350371068599"]
[EventDate "2026.01.08"]
[EventType "swiss"]
[EventRounds "5"]
[EventCountry "CAN"]

1. e4 e6 2. d4 d5 3. Nc3 Nf6 4. e5 Nfd7 5. Nce2 c5 6. c3 Nc6 7. f4 cxd4 8. cxd4 Bb4+ 9. Nc3 O-O 10. Nf3 f5 11. Bd3 Nb6 12. h3 g6 13. Kf2 Bd7 14. Ne2 Rc8 15. g4 Kh8 16. Qg1 Be7 17. Bd2 Nb4 18. Bxb4 Bxb4 19. h4 Be7 20. h5 Qe8 21. hxg6 Qxg6 22. Qh2 Qg7 23. Rag1 Qf7 24. gxf5 exf5 25. e6 Bxe6 26. Ne5 1-0